Statistics for Guess the Balkans Flags

Click here to take the quiz!

General Stats

  • This quiz has been taken 36 times
  • The average score is 9 of 10

Answer Stats

Answer% Correct
Albania
97%
Croatia
97%
Slovenia
97%
Bosnia
94%
Bulgaria
94%
Kosovo
94%
Romania
94%
Montenegro
91%
North Macedonia
91%
Serbia
91%

Score Distribution

Percentile by Number Answered

Percent of People with Each Score

Your Score History

You have not taken this quiz